000 01339nab a22002777a 4500
999 _c6567
_d6567
003 OSt
005 20260224121758.0
008 190506c xxu||||| |||| 00| 0 spa d
040 _cPJ
100 _97142
_aVillaggi, Romina I. G.
245 1 3 _aLa muerte nunca fue tan justa /
_cRomina I. G. Villaggi, Rodolfo C. Comoretto.
260 _aBuenos Aires :
_bAbeledoPerrot,
_c2024.
300 _ap. 6-16
500 _aCita: TR LALEY AR/DOC/1958/2024.
505 _aSumario: I. Extinción del contrato de trabajo por causas ajenas a la voluntad de las partes. Arts. 248 y 249 LCT. Introducción.— II. De la extinción del contrato de trabajo por muerte del empleador.— III. De la extinción del contrato de trabajo por muerte del trabajador.— IV. Conclusión final.— V. Bibliografía.
505 _t¿Te interesa el texto completo? Comunicate al correo: koha@justierradelfuego.gov.ar
650 0 _91316
_aDERECHO LABORAL
650 0 _91323
_aCONTRATO DE TRABAJO
650 0 _94195
_aCOMPETENCIA LABORAL
650 0 _91486
_aEXTINCION DEL CONTRATO DE TRABAJO
650 0 _91533
_aDESPIDO
650 0 _94947
_aMUERTE DEL TRABAJADOR
700 _97143
_aComoretto, Rodolfo C.
773 0 _02751
_93202
_dBuenos Aires : AbeledoPerrot, 2013-
_tRevista de derecho laboral y seguridad social. Nº 17 - Septiembre 2024
942 _2udc
_cANA